[Event "Stockholm Master Open 2012"]
[Site "Stockholm SWE"]
[Date "2012.06.29"]
[Round "2.7"]
[White "Cederstam-Barsk,Carl"]
[Black "Blomqvist,E"]
[Result "1/2-1/2"]
[WhiteElo "2168"]
[BlackElo "2454"]

1.d4 d5 2.c4 c6 3.e3 Nf6 4.Nc3 e6 5.Nf3 Nbd7 6.b3 Bb4 7.Bd2 O-O 8.Be2 Qe7
9.O-O Bd6 10.Qc2 dxc4 11.bxc4 e5 12.Bd3 Re8 13.Ng5 h6 14.Nge4 Nxe4 15.Nxe4 Bc7
16.Ng3 Nf6 17.Rab1 Rb8 18.Rfe1 h5 19.Bb4 Qd8 20.dxe5 Bxe5 21.f4 Bd6 22.Red1 c5
23.Bc3 Bg4 24.Be2 Qe7 25.Rd3 Bxe2 26.Nxe2 Ng4 27.Bd2 Rbd8 28.h3 Nf6 29.Nc3 Rd7
30.e4 Bb8 31.e5 Nh7 32.Nd5 Qe6 33.Bc3 Qg6 34.Rf1 Qe4 35.Bb2 b5 36.Rc1 Nf8
37.Rg3 Qxc2 38.Rxc2 Ng6 39.f5 h4 40.Rg4 bxc4 41.Rd2 Red8 42.fxg6 Rxd5 43.gxf7+ Kxf7
44.Rf2+ Kg8 45.Rxc4 Bc7 46.Rxh4 Rd1+ 47.Rf1 R8d2 48.Bc3 Rxf1+ 49.Kxf1 Rc2
50.Be1 Bxe5 51.Ra4 Bb8 52.Bf2 Kf7 53.Ra5 c4 54.Bxa7 Bc7 55.Ra6 Be5 56.Be3 c3
57.a4 Ra2 58.Rc6 Rxa4 59.Ke2 Ra2+ 60.Kf3 Ke7 61.Ke4 Kd7 62.Rc4 Bf6 63.Bd4 c2
64.Bxf6 Ra4 65.Rxa4 c1=Q 66.Rd4+ Ke6 67.Bxg7 Qg5 68.Kf3 Qxg7 69.Ke4  1/2-1/2

[Event "40th TCh-GRE 2012"]
[Site "Achaea GRE"]
[Date "2012.06.30"]
[Round "1.2"]
[White "Tsekouras,T"]
[Black "Mastrovasilis,D"]
[Result "0-1"]
[WhiteElo "2231"]
[BlackElo "2612"]

1.d4 d5 2.c4 e6 3.Nc3 c6 4.e3 Nf6 5.Nf3 Nbd7 6.Qc2 Bd6 7.Bd3 O-O 8.O-O dxc4
9.Bxc4 b5 10.Be2 Bb7 11.Rd1 Qb8 12.e4 e5 13.dxe5 Nxe5 14.g3 Re8 15.Bg5 Neg4
16.Bxf6 Nxf6 17.a3 a6 18.Qd3 Bc7 19.Nd2 Qa7 20.Bf3 Bb6 21.Qf1 Bd4 22.Rac1 c5
23.Qg2 c4 24.Rc2 Rad8 25.Nd5 Nxd5 26.exd5 Re5 27.Ne4 Bxd5 28.Rcd2 Bxe4 29.Bxe4 g6
30.h4 Bxf2+ 31.Qxf2 Qxf2+ 32.Kxf2 Rxd2+ 33.Rxd2 Rxe4 34.Rd6 Re6  0-1

[Event "40th TCh-GRE 2012"]
[Site "Achaea GRE"]
[Date "2012.07.01"]
[Round "3.1"]
[White "Kapnisis,S"]
[Black "Mastrovasilis,D"]
[Result "1/2-1/2"]
[WhiteElo "2480"]
[BlackElo "2612"]

1.d4 d5 2.c4 c6 3.Nf3 e6 4.e3 Nf6 5.Nc3 Nbd7 6.Qc2 Bd6 7.Bd3 O-O 8.O-O e5
9.cxd5 cxd5 10.e4 dxe4 11.Nxe4 Nxe4 12.Bxe4 h6 13.Be3 exd4 14.Bh7+ Kh8 15.Bxd4 Nf6
16.Bf5 Qa5 17.Bxc8 Rfxc8 18.Qb3 Qd5 19.Rfd1 Qxb3 20.axb3 Rd8 21.Bxf6 gxf6
22.Kf1 a6 23.Rac1 Kg7 24.Rd4 Be5 25.Rxd8 Rxd8 26.Nxe5 fxe5 27.Rc7 Rd2 28.Rxb7 Rxb2
29.Rb6 h5 30.Rxa6 Rxb3  1/2-1/2

[Event "Perla Baltyku Open 2012"]
[Site "Lazy POL"]
[Date "2012.07.01"]
[Round "2.9"]
[White "Chojnacki,K"]
[Black "Brzezinski,M"]
[Result "1-0"]
[WhiteElo "2436"]
[BlackElo "2075"]

1.d4 d5 2.c4 c6 3.Nf3 Nf6 4.Nc3 e6 5.e3 Nbd7 6.Qc2 Bd6 7.g4 dxc4 8.Bxc4 Nd5
9.Ne4 Be7 10.Bd2 b6 11.O-O-O Bb7 12.Ne5 Rc8 13.Kb1 Nxe5 14.dxe5 b5 15.Be2 Qb6
16.Nd6+ Bxd6 17.exd6 O-O 18.d7 Rc7 19.e4 Qxf2 20.exd5 Qxe2 21.Rhe1 Qg2 22.dxe6 fxe6
23.Ba5  1-0

[Event "ch-SLO 2012"]
[Site "Ljubljana SLO"]
[Date "2012.07.01"]
[Round "2.2"]
[White "Sebenik,M"]
[Black "Buzeti,J"]
[Result "1-0"]
[WhiteElo "2573"]
[BlackElo "2303"]

1.d4 d5 2.c4 c6 3.Nc3 Nf6 4.e3 e6 5.Nf3 Nbd7 6.Qc2 Bd6 7.Bd3 O-O 8.O-O dxc4
9.Bxc4 b5 10.Bd3 Bb7 11.a3 a6 12.b4 a5 13.Rb1 axb4 14.axb4 Qe7 15.e4 e5 16.Ne2 Bxb4
17.Ng3 g6 18.dxe5 Ng4 19.Bg5 Qc5 20.e6 Nde5 21.Nxe5 Nxe5 22.Bf6 Nxd3 23.Qxd3 fxe6
24.e5 Qc3 25.Qe2 Qd2 26.Qg4 c5 27.Rbd1 Qa2 28.Rd7 Rf7 29.Rxf7 Kxf7 30.Qh3 h5
31.Nxh5  1-0

[Event "9th Philadelphia International"]
[Site "Philadelphia USA"]
[Date "2012.07.01"]
[Round "5"]
[White "Sarkar,J"]
[Black "Mo,Kevin"]
[Result "1-0"]
[WhiteElo "2411"]
[BlackElo "2233"]

1.d4 d5 2.c4 c6 3.Nf3 Nf6 4.Nc3 e6 5.e3 Nbd7 6.Bd3 dxc4 7.Bxc4 b5 8.Bd3 Bb7
9.a3 a6 10.b4 a5 11.Rb1 Bd6 12.O-O O-O 13.e4 e5 14.Ne2 Re8 15.dxe5 Nxe5 16.Nxe5 Bxe5
17.Qc2 c5 18.bxc5 Nxe4 19.Bxb5 Re6 20.Bc4 Bd5 21.Bxd5 Qxd5 22.Be3 Bc7 23.Rfd1 Qh5
24.Bf4 Nxf2 25.Kxf2 Bxf4 26.Nxf4 Qh4+ 27.Kf3 Rf6 28.Qe4 Qh5+ 29.Ke3 Qxc5+
30.Rd4 Qf8 31.Rb5 Re8 32.Re5 Qxa3+ 33.Kf2 Qb2+ 34.Kg3 Rf8 35.Re8 g6 36.Rdd8 Qc3+
37.Kg4 h5+ 38.Kg5 Rf5+ 39.Qxf5 Rxe8 40.Rxe8+ Kg7 41.Ne6+  1-0

[Event "ch-Pan Americano U20 w 2012"]
[Site "Sao Paulo BRA"]
[Date "2012.07.01"]
[Round "4.1"]
[White "Rodriguez Rueda,P"]
[Black "Jorquera Cabello,V"]
[Result "1-0"]
[WhiteElo "2181"]
[BlackElo "1994"]

1.d4 d5 2.Nf3 c6 3.e3 Nf6 4.c4 e6 5.Nc3 Nbd7 6.Bd3 dxc4 7.Bxc4 b5 8.Bd3 b4
9.Na4 c5 10.dxc5 Nxc5 11.Nxc5 Bxc5 12.Qc2 Qb6 13.O-O Bb7 14.b3 Rc8 15.Bb2 Bxe3
16.Qe2 Bc5 17.Bb5+ Bc6 18.Bxc6+ Qxc6 19.Rac1 Ke7 20.Rc4 Qb7 21.Re1 Rc6 22.Ne5 Rc7
23.Nxf7 Re8 24.Bxf6+ Kxf7 25.Be5 Rc6 26.Qf3+ Kg8 27.Rxc5 Rb6 28.Qg3 Qf7 29.Rc7 Re7
30.Rc8+ Re8 31.Rxe8+  1-0

[Event "Stockholm Master Open 2012"]
[Site "Stockholm SWE"]
[Date "2012.07.01"]
[Round "5.8"]
[White "Cederstam-Barsk,Carl"]
[Black "Johansson,G1"]
[Result "1/2-1/2"]
[WhiteElo "2168"]
[BlackElo "2224"]

1.d4 d5 2.c4 c6 3.e3 Nf6 4.Nc3 e6 5.Nf3 Nbd7 6.b3 Bb4 7.Bd2 O-O 8.Be2 Qe7
9.O-O b6 10.Qc2 Bb7 11.Bd3 h6 12.Rad1 Rac8 13.e4 dxe4 14.Bxe4 Nxe4 15.Nxe4 Bxd2
16.Rxd2 c5 17.d5 exd5 18.cxd5 Ne5 19.Qc3 Nxf3+ 20.Qxf3 Rfe8 21.Ng3 Rcd8 22.Rfd1 Qg5
23.Nf1 Re5 24.Ne3 h5 25.g3 h4 26.Qg2 hxg3 27.hxg3 Qh5 28.Qh1 Qg5 29.Qf3 b5
30.Qf4 Qxf4 31.gxf4 Re4 32.Rc2 Rd4 33.Rxc5 Rxd1+ 34.Nxd1 Rxd5 35.Rxd5 Bxd5
36.Nc3 Bc6 37.b4 Kh7 38.Kf1 Kg6 39.Ke2 Kf5 40.Ke3 g5 41.fxg5 Kxg5 42.Kd4 a6
43.Kc5 Bb7 44.Kb6 Bc8 45.Kc7 Be6 46.Kb7 Kf4 47.Kxa6 Bc4 48.a3 Kf3 49.Nxb5 Kxf2
50.Kb6 Bxb5 51.Kxb5 f5 52.Kc6 f4 53.b5 f3 54.b6 Kg1 55.b7 f2 56.b8=Q f1=Q
57.Qg3+ Kh1 58.Qh4+ Kg1 59.Qg5+ Kh2 60.Qe5+ Kh1 61.Qc5 Qf6+ 62.Kb7 Qf7+ 63.Kb6 Qb3+
64.Ka5 Qb7 65.a4 Qa8+ 66.Kb5 Qb8+ 67.Qb6 Qe5+ 68.Ka6 Kh2 69.a5 Kh3 70.Kb7 Qd5+
71.Kb8 Qe5+ 72.Ka8 Qd5+ 73.Ka7 Qd7+ 74.Qb7 Qd4+ 75.Kb8 Qe5+ 76.Qc7 Qb5+ 77.Ka7 Kh4
78.a6 Qd5 79.Qe7+ Kh3 80.Qb7 Qd4+ 81.Qb6 Qd7+ 82.Kb8 Qe8+ 83.Kb7 Qd7+ 84.Ka8 Qc8+
85.Ka7 Kh4 86.Qb4+ Kh3 87.Kb6 Qd8+ 88.Kb5 Qd7+ 89.Ka5 Qc7+ 90.Ka4 Qd7+ 91.Ka3 Kh2
92.Qb8+ Kg1 93.Qb6+ Kf1 94.a7 Qd3+ 95.Kb4 Qd2+ 96.Kc5 Qe3+ 97.Kc6 Qe4+ 98.Kd7 Qf5+
99.Qe6 Qh7+ 100.Qe7 Qf5+ 101.Ke8 Qc8+ 102.Kf7 Qc4+ 103.Kg7 Qg4+ 104.Kf7 Qc4+
105.Kf6 Qd4+ 106.Ke6 Qe4+ 107.Kd6 Qb4+ 108.Kd7 Qb7+ 109.Ke8 Qc8+ 110.Qd8 Qe6+
111.Kf8 Qf5+ 112.Kg7 Qg4+ 113.Kf7 Qc4+ 114.Kg6 Qe4+ 115.Kh5 Qh7+ 116.Kg4 Qxa7  1/2-1/2

[Event "Stockholm Master Open 2012"]
[Site "Stockholm SWE"]
[Date "2012.07.01"]
[Round "6.3"]
[White "Lokander,M"]
[Black "Blomqvist,E"]
[Result "0-1"]
[WhiteElo "2285"]
[BlackElo "2454"]

1.d4 d5 2.c4 c6 3.Nf3 Nf6 4.Nc3 e6 5.e3 Nbd7 6.Bd3 dxc4 7.Bxc4 b5 8.Bd3 Bb7
9.O-O a6 10.e4 c5 11.d5 Qc7 12.dxe6 fxe6 13.Bc2 Bd6 14.Qe2 c4 15.Nd4 Nc5
16.Ndxb5 axb5 17.Nxb5 Bxh2+ 18.Kh1 Qd7 19.a4 Bb8 20.Ra3 Nfxe4 21.Qxc4 O-O
22.b4 Nxf2+ 23.Rxf2 Rxf2  0-1

[Event "1st CT Casino Marina del Sol"]
[Site "Talcahuano CHI"]
[Date "2012.07.01"]
[Round "7.2"]
[White "Diaz Vasquez,M"]
[Black "Alarcon,Rod"]
[Result "1/2-1/2"]
[WhiteElo "2212"]
[BlackElo "2174"]

1.d4 Nf6 2.c4 e6 3.Nf3 d5 4.Nc3 c6 5.e3 Nbd7 6.Qc2 Bd6 7.Bd3 O-O 8.O-O e5
9.cxd5 cxd5 10.e4 exd4 11.Nxd5 Nxd5 12.exd5 h6 13.Nxd4 Nf6 14.Bc4 Bg4 15.h3 Bh5
16.Be3 Rc8 17.Qb3 Bb8 18.Rfc1 Qd6 19.g3 Qd7 20.Kh2 Rcd8 21.Ne2 g5 22.Nc3 Bf3
23.Bf1 a6 24.Qb6 Bd6 25.Bg2 Qf5 26.Re1 Rd7 27.Bd4 Bxg2 28.Kxg2 Nxd5 29.Qb3 Nxc3
30.bxc3 b5 31.Re3 Rc7 32.Rae1 Rc4 33.Qd1 Qg6 34.Rf3 f5 35.Rfe3 Rc6 36.Re6 Qf7
37.Rf6 Qd5+ 38.Qf3 Qxf3+ 39.Kxf3 Rxf6 40.Bxf6 Bxg3 41.Bd4 Bc7 42.Re8+ Kf7
43.Rc8 Ke6 44.Rf8 Ba5 45.Ke2 f4 46.Kd3 Kd7 47.Rf7+ Ke6 48.Rf6+ Kd7 49.Rxc6 Kxc6
50.Ke4 Kd6 51.Bg7 Ke6 52.Bxh6 Bd8 53.Bg7 Bb6 54.f3 Bc5 55.Be5 Bb6 56.Bb8 Bc5
57.Bc7 Be7 58.Bb6 Bf6 59.Ba5 Be7 60.Bc7 Bf6 61.Ba5 Be7 62.Kd4 Bd6 63.Bd8 Be5+
64.Ke4 Bxc3 65.Bxg5 a5 66.Bxf4 b4 67.Kd3 Kd5 68.h4 Bf6 69.Bg5 Bg7 70.h5 a4
71.Bc1 b3 72.axb3 axb3 73.Bd2 Ke6 74.h6 Bf6 75.h7 Kf7 76.Bb4 Kg6 77.Bc3 b2
78.Bxb2 Bxb2  1/2-1/2

[Event "40th TCh-GRE 2012"]
[Site "Achaea GRE"]
[Date "2012.07.02"]
[Round "4.5"]
[White "Brunello,S"]
[Black "Navara,D"]
[Result "0-1"]
[WhiteElo "2592"]
[BlackElo "2706"]

1.d4 d5 2.c4 c6 3.Nf3 Nf6 4.Nc3 e6 5.e3 a6 6.Bd3 dxc4 7.Bxc4 b5 8.Bd3 c5
9.a4 b4 10.Ne4 Nbd7 11.O-O Bb7 12.Nxf6+ Nxf6 13.dxc5 Bxc5 14.Qe2 Qd5 15.Rd1 Qh5
16.h3 Ne4 17.Bb5+ Kf8 18.Rd7 Nd6 19.Rxb7 Nxb7 20.Bc6 Ra7 21.Bxb7 Rxb7 22.Qxa6 Rd7
23.Bd2 Ke7 24.Rc1 Rhd8 25.Qb5 Rxd2 26.Rxc5 R2d5 27.Rc7+ Kf8 28.Qxb4+ Kg8
29.Qe7 Rd1+ 30.Kh2 Rf8 31.b4 Qd5 32.a5 Qa2 33.Qc5 h6 34.Qc2 Qxc2 35.Rxc2 Rb1
36.Rc4 Rb8 37.a6 Ra1 38.Ne5 Rxa6 39.Rc7 Ra2 40.f4 Rxb4 41.Rc8+ Kh7 42.Nxf7 Rbb2
43.Kg3 Kg6 44.Ne5+ Kh5 45.Rc6 Rxg2+ 46.Kf3 Kh4 47.Rxe6 Kxh3 48.Nd3 h5 49.f5 Rg3+
50.Ke4 h4 51.Nf4+ Kh2 52.f6 Ra4+ 53.Kf5 Ra5+ 54.Ke4 gxf6 55.Rxf6 Ra4+ 56.Kd3 Ra3+
57.Kd2 Rgxe3 58.Ne2 Rf3  0-1

[Event "40th TCh-GRE 2012"]
[Site "Achaea GRE"]
[Date "2012.07.02"]
[Round "4.6"]
[White "Postny,E"]
[Black "Rapport,R"]
[Result "0-1"]
[WhiteElo "2651"]
[BlackElo "2577"]

1.d4 d5 2.c4 c6 3.Nf3 Nf6 4.Nc3 e6 5.e3 Nbd7 6.Bd3 dxc4 7.Bxc4 b5 8.Bd3 a6
9.e4 c5 10.d5 c4 11.dxe6 fxe6 12.Bc2 Nc5 13.Qe2 Nd3+ 14.Bxd3 cxd3 15.Qe3 b4
16.Nd1 Bb7 17.Ng5 Qd7 18.e5 Ng4 19.Qh3 h5 20.Bd2 Be7 21.O-O Rc8 22.Nf3 Rc4
23.Ne3 Rf4 24.Ne1 Nxe5 25.Qg3 g5 26.h4 Ng6 27.hxg5 Bd6 28.Nd1 Rg4 29.Qh3 Rh4
30.Qxd3 Bh2+ 31.Kh1 Qxd3 32.Nxd3 Bf4+ 33.Kg1 Bxd2  0-1

[Event "20th Montcada Open"]
[Site "Montcada i Reixac ESP"]
[Date "2012.07.02"]
[Round "8.8"]
[White "Margvelashvili,G"]
[Black "Saptarshi,R"]
[Result "1-0"]
[WhiteElo "2552"]
[BlackElo "2394"]

1.Nf3 d5 2.c4 e6 3.e3 Nf6 4.d4 c6 5.Nc3 a6 6.c5 Nbd7 7.Qc2 g6 8.e4 Bg7 9.e5 Ng8
10.h4 h6 11.b4 Ne7 12.Bd3 b6 13.cxb6 Qxb6 14.Rb1 Nf5 15.Bxf5 exf5 16.O-O Nf8
17.Na4 Qb5 18.Bd2 f4 19.Nc3 Qb7 20.Qa4 Bf5 21.Rbc1 Bd3 22.Rfe1 Ne6 23.Qa3 Bc4
24.Na4 g5 25.Nb2 g4 26.Nxc4 dxc4 27.Nh2 h5 28.Rxc4 Qb5 29.Qc1 Rd8 30.a4 Qd5
31.Rxc6 g3 32.Nf3 Nxd4 33.Rd6 Nxf3+ 34.gxf3 Qxf3 35.Rxd8+ Kxd8 36.Be3 Bxe5
37.Bb6+ Kd7 38.Rxe5 gxf2+ 39.Bxf2 Rg8+ 40.Kf1  1-0

[Event "NIKI Open 2012"]
[Site "Nachod CZE"]
[Date "2012.07.02"]
[Round "3.26"]
[White "Sobotnik,Petr"]
[Black "Kolibik,J"]
[Result "1-0"]
[WhiteElo "1920"]
[BlackElo "1679"]

1.c4 e6 2.Nc3 d5 3.d4 c6 4.e3 Nf6 5.Nf3 Nbd7 6.Bd3 dxc4 7.Bxc4 b5 8.Bd3 Bb7
9.O-O a6 10.e4 c5 11.e5 Nd5 12.Ne4 c4 13.Bb1 h6 14.a3 Be7 15.Bd2 O-O 16.Qc1 f5
17.Ng3 Qe8 18.h3 Qf7 19.Qc2 Rac8 20.Ne2 g5 21.Nh2 Qg7 22.f3 Nb8 23.Nc3 Nxc3
24.bxc3 Nd7 25.Qd1 Nb6 26.Qe2 Nd5 27.Bc2 Bc6 28.Rfb1 g4 29.fxg4 fxg4 30.Qxg4 Qxg4
31.Nxg4 h5 32.Nh2 Nf4 33.Bxf4 Rxf4 34.Bg6 h4 35.Bh5 Rcf8 36.Bf3 Be4 37.Bxe4 Rxe4
38.Nf3 Re3 39.Rc1 Rfxf3 40.gxf3 Rxf3 41.Kh2 Kh7 42.Rg1 Rxc3 43.Raf1 Bxa3
44.Rf4  1-0

[Event "9th Philadelphia International"]
[Site "Philadelphia USA"]
[Date "2012.07.02"]
[Round "7"]
[White "Ludwig,Dan"]
[Black "Jayakumar,A"]
[Result "1-0"]
[WhiteElo "2456"]
[BlackElo "2267"]

1.d4 d5 2.c4 e6 3.Nc3 c6 4.e3 Nf6 5.Nf3 Nbd7 6.Qc2 Bd6 7.g4 h6 8.h3 e5 9.g5 hxg5
10.Nxg5 e4 11.cxd5 cxd5 12.Nb5 Bb8 13.Bd2 Nb6 14.Rc1 Bd7 15.Nc7+ Bxc7 16.Qxc7 Qxc7
17.Rxc7 Rh4 18.Rxb7 Ng8 19.Rg1 Ne7 20.Bb4 Nc6 21.Bc5 Nd8 22.Rc7 f6 23.Nxe4 Ne6
24.Nxf6+ Kf7 25.Rxd7+  1-0

[Event "ch-UAE 2012"]
[Site "Abu Dhabi UAE"]
[Date "2012.07.03"]
[Round "7.7"]
[White "Ali,Mah"]
[Black "Ahmed,Fay"]
[Result "1/2-1/2"]
[WhiteElo "2100"]
[BlackElo "1913"]

1.d4 d5 2.Nf3 Nf6 3.c4 e6 4.Nc3 c6 5.e3 Bd6 6.Bd3 Nbd7 7.O-O h6 8.e4 dxe4
9.Nxe4 Nxe4 10.Bxe4 Nf6 11.Bc2 O-O 12.b3 Re8 13.Bb2 b6 14.Qd3 Bb7 15.Rfe1 Rc8
16.Rad1 Kf8 17.Ne5 Bxe5 18.dxe5 Qxd3 19.Rxd3 Ng8 20.c5 Red8 21.Red1 Ke8 22.Bd4 Ne7
23.b4 Nd5 24.a3 Rd7 25.Bb2 Rcd8 26.g3 a5 27.cxb6 axb4 28.axb4 Nxb6 29.Bd4 Nc4
30.f4 Ba6 31.Bc5 Nxe5 32.Rxd7 Nxd7 33.Bd4 g6 34.Kf2 Rb8 35.Be4 Bb5 36.Ra1 Nb6
37.Ra7 Nd5 38.Bc5 Rd8 39.Bxd5 Rxd5 40.Ke3 h5 41.Rc7 Rf5 42.h3 g5 43.fxg5 Rxg5
44.Kf4 Rf5+ 45.Ke4 Bc4 46.Kd4 Bd5 47.Re7+ Kd8 48.g4 hxg4 49.hxg4 Rf3 50.Ke5 f6+
51.Kd6 Rf4 52.Rg7 Ke8 53.g5 fxg5 54.Rxg5 Kf7 55.Rh5 Rf5 56.Rxf5+ exf5 57.b5 cxb5  1/2-1/2

[Event "ch-UAE 2012"]
[Site "Abu Dhabi UAE"]
[Date "2012.07.03"]
[Round "7.9"]
[White "Alan,Ibrahim A"]
[Black "Saleh,Nai"]
[Result "0-1"]
[WhiteElo "1789"]
[BlackElo "1790"]

1.d4 d5 2.c4 e6 3.Nf3 c6 4.e3 Nf6 5.Nc3 Nbd7 6.Qc2 Bd6 7.Bd2 O-O 8.O-O-O dxc4
9.Bxc4 b5 10.Bd3 g6 11.h3 a6 12.e4 e5 13.dxe5 Nxe5 14.Nxe5 Bxe5 15.f4 Bd4
16.g4 c5 17.f5 c4 18.Be2 Qb6 19.h4 Bb7 20.h5 Bxc3 21.Qxc3 Nxe4 22.Qe5 Nxd2
23.hxg6 fxg6 24.fxg6 Qxg6  0-1

[Event "Perla Baltyku Open 2012"]
[Site "Lazy POL"]
[Date "2012.07.03"]
[Round "4.7"]
[White "Chojnacki,K"]
[Black "Jarmula,P"]
[Result "1-0"]
[WhiteElo "2436"]
[BlackElo "2157"]

1.d4 d5 2.c4 c6 3.Nf3 Nf6 4.Nc3 e6 5.e3 Nbd7 6.Qc2 Bd6 7.g4 h6 8.Rg1 e5 9.h4 e4
10.Nd2 g5 11.hxg5 hxg5 12.Be2 Nf8 13.b3 Rh4 14.Bb2 Bh2 15.Rg2 Nxg4 16.cxd5 cxd5
17.Ndxe4 Nxe3 18.fxe3 dxe4 19.Rxh2  1-0

[Event "NIKI Open 2012"]
[Site "Nachod CZE"]
[Date "2012.07.03"]
[Round "4.5"]
[White "Strebkovs,A"]
[Black "Velecky,V"]
[Result "0-1"]
[WhiteElo "2354"]
[BlackElo "2169"]

1.d4 Nf6 2.c4 c6 3.Nc3 d5 4.e3 e6 5.Nf3 Nbd7 6.b3 Bb4 7.Bd2 O-O 8.Bd3 Re8
9.cxd5 exd5 10.O-O Qe7 11.Qc2 Bd6 12.Rab1 Ne4 13.Ne2 a5 14.Bc3 f5 15.Ng3 Ndf6
16.Nd2 Nxc3 17.Qxc3 Ne4 18.Ndxe4 fxe4 19.Be2 Qh4 20.Rfc1 Re6 21.f4 exf3 22.Bxf3 Rh6
23.Nf1 Bf5 24.g3 Qg5 25.Ra1 Re8 26.a3 Rhe6 27.Re1 h5 28.Ra2 h4 29.g4 h3 30.Ng3 Bxg4
31.Rf2 Bh5 32.Bxh5 Bxg3 33.Bf7+ Kh8 34.hxg3 Qxg3+ 35.Kf1 Rf6 36.Re2 h2  0-1

[Event "7th Wroclaw Open A"]
[Site "Wroclaw POL"]
[Date "2012.07.03"]
[Round "2.10"]
[White "Stachowiak,K"]
[Black "Musialkiewicz,J"]
[Result "1-0"]
[WhiteElo "2419"]
[BlackElo "2189"]

1.d4 d5 2.Nf3 Nf6 3.c4 c6 4.Nc3 e6 5.e3 Nbd7 6.Qc2 Bd6 7.Be2 O-O 8.b3 b6
9.Bb2 Bb7 10.O-O h6 11.Rfd1 Qe7 12.Rac1 Rac8 13.g3 c5 14.dxc5 Nxc5 15.cxd5 Nce4
16.Qb1 Nxc3 17.Bxc3 Nxd5 18.Ba1 Bb4 19.Qd3 Rxc1 20.Rxc1 Rd8 21.Qd4 Nc3 22.Bxc3 Rxd4
23.Bxd4 Bd6 24.Ba1 e5 25.h4 Qe6 26.Bc3 Qg4 27.Nd4 Qh3 28.Nf3 Qf5 29.Ne1 g5
30.Rd1 Qf6 31.hxg5 hxg5 32.Bg4 Qg6 33.Be2 Bc7 34.Rc1 g4 35.Bd3 Qh6 36.Ng2 Qc6
37.e4 Qd6 38.Bb1 f5 39.Ne3 f4 40.Nxg4 Qe6 41.f3 fxg3 42.Bd3 b5 43.Kg2 Bc6
44.Rh1 Qd6 45.Nxe5 Qc5 46.Bc4+ Kf8 47.Rh8+ Ke7 48.Bb4  1-0

[Event "40th TCh-GRE 2012"]
[Site "Achaea GRE"]
[Date "2012.07.04"]
[Round "6.2"]
[White "Georgiadis,I"]
[Black "Stavrianakis,I"]
[Result "1/2-1/2"]
[WhiteElo "2434"]
[BlackElo "2318"]

1.d4 d5 2.c4 c6 3.Nf3 Nf6 4.e3 e6 5.Nc3 Nbd7 6.Qc2 Be7 7.Bd3 dxc4 8.Bxc4 b5
9.Bd3 Bb7 10.e4 a6 11.e5 Nd5 12.Nxd5 cxd5 13.O-O Rc8 14.Qe2 Qb6 15.Bd2 Nb8
16.a4 b4 17.a5 Qa7 18.Be3 Nc6 19.Nd2 O-O 20.Nb3 Rc7 21.f4 f5 22.g4 g6 23.gxf5 exf5
24.Rf2 Nd8 25.Rg2 Ne6 26.Kh1 Kh8 27.Rag1 Ng7 28.Qf3 Bc6 29.Qh3 Kg8 30.Qh6 Be8
31.Rg3 Ne6 32.Rh3 Bd8 33.Rh5 Rg7 34.Rxf5 gxf5 35.Qxe6+ Kh8 36.Rg3 Rxg3 37.hxg3 Qg7
38.Bf2 Bd7 39.Qd6 Rg8 40.e6 Qh6+ 41.Kg2 Qxe6 42.Qe5+ Bf6 43.Qxe6 Bxe6 44.Bxa6 Rb8
45.Nc5 Bc8 46.Bd3 Ra8 47.a6 Be7 48.Be1 Bf6 49.Bf2 Be7  1/2-1/2

[Event "40th TCh-GRE 2012"]
[Site "Achaea GRE"]
[Date "2012.07.04"]
[Round "6.4"]
[White "Ballas,K"]
[Black "Papadogiannis,S"]
[Result "1-0"]
[WhiteElo "1970"]
[BlackElo "2031"]

1.d4 d5 2.c4 c6 3.Nf3 Nf6 4.e3 e6 5.Nc3 Nbd7 6.Bd3 dxc4 7.Bxc4 b5 8.Bd3 Bb7
9.O-O a6 10.e4 c5 11.e5 cxd4 12.Nxb5 axb5 13.exf6 gxf6 14.Nxd4 Bc5 15.Be3 Rg8
16.g3 Qb6 17.Bxb5 Rd8 18.Qa4 Rg4 19.Rad1 e5 20.Rfe1 h5 21.f4 Bc8 22.b4 Be7
23.Nc6 Qc7 24.Nxd8 Bxd8 25.Rc1 Qb7 26.Bc6 Qb8 27.Red1 Bb6 28.Bxd7+ Ke7 29.Rxc8 Bxe3+
30.Kf1  1-0

[Event "40th TCh-GRE 2012"]
[Site "Achaea GRE"]
[Date "2012.07.04"]
[Round "6.1"]
[White "Banikas,H"]
[Black "Pavlidis,Ant"]
[Result "1-0"]
[WhiteElo "2626"]
[BlackElo "2446"]

1.Nf3 Nf6 2.d4 d5 3.c4 c6 4.Nc3 e6 5.e3 Nbd7 6.Bd3 dxc4 7.Bxc4 b5 8.Bd3 a6
9.e4 c5 10.d5 c4 11.Bc2 Bb7 12.O-O Qc7 13.dxe6 fxe6 14.Ne2 O-O-O 15.Qe1 e5
16.b3 Nxe4 17.bxc4 b4 18.Ng3 Nxg3 19.hxg3 Bc5 20.Be4 Nf6 21.Bxb7+ Kxb7 22.a3 b3
23.Rb1 Rhe8 24.Nd2 Ka8 25.Nxb3 Ba7 26.Be3 Rd3 27.Bxa7 Kxa7 28.Na5 Qc5 29.Qb4 Qxb4
30.Rxb4 Rc8 31.Rb7+ Ka8 32.Rb6 Rd7 33.Rfb1 Rdc7 34.c5 Nd5 35.Rd6 Nc3 36.Rxa6+ Ra7
37.Rbb6 Ne4 38.Rxa7+ Kxa7 39.Nc6+ Ka8 40.Nxe5 Nxc5 41.Kh2 Ne4 42.f3 Nd2 43.g4 Re8
44.Rb5 Rc8 45.Rb2 Nf1+ 46.Kh3 Rc5 47.Re2 Rc3 48.g5 Ne3 49.Ng4 Nf5 50.Re5 g6
51.Nh6 Nd4 52.Re4 Rd3 53.a4 Ka7 54.Re7+ Kb6 55.Rxh7 Ne6 56.Re7  1-0

[Event "NIKI Open 2012"]
[Site "Nachod CZE"]
[Date "2012.07.04"]
[Round "5.17"]
[White "Kozusek,Daniel"]
[Black "Slampa,J"]
[Result "1-0"]
[WhiteElo "1889"]
[BlackElo "2001"]

1.c4 c6 2.d4 d5 3.Nf3 Nf6 4.Nc3 e6 5.e3 Nbd7 6.Qc2 Bd6 7.g4 O-O 8.Bd3 dxc4
9.Bxc4 g6 10.e4 b5 11.Bd3 e5 12.dxe5 Nxe5 13.Nxe5 Bxe5 14.h3 Re8 15.Bd2 a6
16.O-O-O Qc7 17.Ne2 Nd7 18.f4 Bg7 19.Nc3 Bb7 20.e5 f6 21.exf6 Nxf6 22.g5 Nh5
23.f5 Ng3 24.Rhe1 Nxf5 25.Bxf5 gxf5 26.Qxf5 c5 27.Bf4 Qc6 28.Rxe8+ Rxe8 29.Nd5 Qe6
30.Qxe6+ Rxe6 31.Nc7 Re2 32.Rd8+ Kf7 33.Rd7+ Kg6 34.Bd2 Be5 35.Ne6 Bc8 36.Nf8+ Kf5
37.Rxh7 Bxb2+ 38.Kxb2 Rxd2+ 39.Kc3 Rd8 40.Rh8 Ke4 41.g6 Rd3+ 42.Kc2 Rg3 43.Rh5 Bf5
44.h4 Ke5+ 45.Kd2 Kf6 46.Rh6 Rg2+ 47.Ke3 Rxa2 48.h5 Ra3+ 49.Kf4 Ra4+ 50.Kf3 Bg4+
51.Kg3 Kg7 52.Rh7+ Kxf8 53.Rf7+ Kg8 54.h6 Be6 55.h7+  1-0

[Event "Stockholm Master Open 2012"]
[Site "Stockholm SWE"]
[Date "2012.07.04"]
[Round "9.7"]
[White "Adler,B"]
[Black "Johansson,G1"]
[Result "1/2-1/2"]
[WhiteElo "2137"]
[BlackElo "2224"]

1.d4 d5 2.c4 c6 3.Nc3 Nf6 4.Nf3 e6 5.e3 Nbd7 6.Qc2 b6 7.Bd3 Bb7 8.O-O dxc4
9.Bxc4 c5 10.e4 cxd4 11.Nxd4 Rc8 12.Qe2 Qc7 13.Ba6 Bxa6 14.Qxa6 Nc5 15.Qe2 Be7
16.Bg5 h6 17.Bh4 Qb7 18.e5 Nd5 19.Qb5+ Kf8 20.Bxe7+ Nxe7 21.b4 Nd7 22.Ne4 Qxe4
23.Qxd7 Qd5 24.Qxd5 Nxd5 25.b5 Ke8 26.a4 Rc4 27.Rfd1 Nc3 28.Rac1 Rxd4 29.Rxd4 Ne2+
30.Kf1 Nxc1 31.Rc4 Kd7 32.Rxc1 Rc8  1/2-1/2

[Event "14th Torredembarra Open"]
[Site "Torredembarra ESP"]
[Date "2012.07.04"]
[Round "5.4"]
[White "Martinez Duany,L"]
[Black "Lluverol Torrents,S"]
[Result "1-0"]
[WhiteElo "2468"]
[BlackElo "2028"]

1.d4 d5 2.Nf3 Nf6 3.c4 c6 4.Nc3 e6 5.e3 Nbd7 6.Qc2 Bd6 7.Be2 O-O 8.O-O Re8
9.Rd1 Qe7 10.b3 a6 11.e4 dxe4 12.Nxe4 Nxe4 13.Qxe4 Nf6 14.Qh4 Nd7 15.Bg5 f6
16.Bd3 Nf8 17.Bd2 Qf7 18.Re1 Bd7 19.Rad1 c5 20.Be4 Rab8 21.Be3 cxd4 22.Rxd4 Bb4
23.Red1 Re7 24.Bf4 e5 25.Bxe5 fxe5 26.Ng5 Qf4 27.Bxh7+  1-0

[Event "40th TCh-GRE 2012"]
[Site "Achaea GRE"]
[Date "2012.07.05"]
[Round "7.3"]
[White "Botsari,A"]
[Black "Rogule,L"]
[Result "0-1"]
[WhiteElo "2313"]
[BlackElo "2317"]

1.d4 d5 2.c4 e6 3.Nf3 Nf6 4.Nc3 c6 5.e3 Nbd7 6.Bd3 dxc4 7.Bxc4 b5 8.Bd3 a6
9.a4 b4 10.Ne4 c5 11.O-O Bb7 12.Nxf6+ Qxf6 13.Qe2 cxd4 14.Nxd4 e5 15.Nb3 e4
16.Bc4 Ne5 17.Na5 Nf3+ 18.Kh1 Bd6 19.Nxb7 Bxh2 20.Bb5+ Ke7 21.Rd1 Qh4 22.Bd7 Bg3+
23.Bh3 Bxf2 24.Rd7+ Kf8 25.Qc4 Ng5 26.Bd2 Qh5 27.Bxb4+ Kg8 28.Rad1 h6 29.Rd8+ Kh7
30.Rxh8+ Kxh8 31.Qd5 f5 32.Nd6 Nxh3 33.g4 Qxg4 34.Nf7+ Kh7 35.Ne5 Qh4 36.Kg2 Qg3+
37.Kf1 Bxe3 38.Be1 Qg1+ 39.Ke2 Nf4+  0-1

[Event "Perla Baltyku Open 2012"]
[Site "Lazy POL"]
[Date "2012.07.05"]
[Round "6.9"]
[White "Harazinska,Ewa"]
[Black "Brzezinski,M"]
[Result "0-1"]
[WhiteElo "1933"]
[BlackElo "2075"]

1.d4 d5 2.c4 c6 3.Nc3 Nf6 4.Nf3 e6 5.e3 Nbd7 6.Qc2 Bd6 7.Bd3 Qe7 8.c5 Bc7
9.e4 e5 10.O-O O-O 11.exd5 cxd5 12.Bg5 Qe6 13.Bf5 Qc6 14.b4 b5 15.dxe5 Nxe5
16.Nd4 Qa6 17.Bxf6 Qxf6 18.Nxd5 Qd8 19.Bxh7+ Kh8 20.Nxc7 Qxd4 21.Nxa8 Bb7
22.Qd1 Qf4 23.f3 Rd8 24.Qe2 Nxf3+ 25.Qxf3 Qd4+ 26.Qf2  0-1

[Event "2nd Polugaevsky Mem"]
[Site "Samara RUS"]
[Date "2012.07.05"]
[Round "1.7"]
[White "Dugushov,S"]
[Black "Smirnov,P"]
[Result "0-1"]
[WhiteElo "2132"]
[BlackElo "2592"]

1.d4 d5 2.c4 e6 3.Nc3 c6 4.e3 Nf6 5.Nf3 Nbd7 6.Qc2 Bd6 7.Bd3 O-O 8.O-O dxc4
9.Bxc4 b5 10.Bd3 Bb7 11.e4 e5 12.h3 a6 13.dxe5 Nxe5 14.Nxe5 Bxe5 15.Be3 Re8
16.Rfd1 Qc7 17.Ne2 c5 18.Qxc5 Qb8 19.f4 Bd6 20.Qd4 Bxe4 21.Rac1 Bb7 22.Ng3 Rxe3
23.Qxe3 Bxf4  0-1

[Event "2nd Polugaevsky Mem"]
[Site "Samara RUS"]
[Date "2012.07.05"]
[Round "1.37"]
[White "Shur,T"]
[Black "Duzhakov,I"]
[Result "0-1"]
[WhiteElo "1794"]
[BlackElo "2342"]

1.d4 d5 2.Nf3 Nf6 3.c4 c6 4.Nc3 e6 5.e3 Nbd7 6.Bd3 dxc4 7.Bxc4 b5 8.Bd3 Bb7
9.O-O a6 10.e4 c5 11.d5 Qc7 12.dxe6 fxe6 13.Ng5 Qc6 14.Bf4 c4 15.Bc2 Bc5
16.a3 O-O 17.Bg3 Rad8 18.Qe2 Bd4 19.Rad1 Nc5 20.Nd5 exd5 21.Rxd4 dxe4 22.Rfd1 Nd3
23.Rxd8 Rxd8 24.b3 h6 25.Nh3 Nd5 26.Qxe4 Re8 27.Bxd3 cxd3 28.Qf3 Nc3  0-1